| 000 | 01562cam a2200421 a 4500 | ||
|---|---|---|---|
| 001 | 9976 | ||
| 003 | FISKH | ||
| 005 | 20260323103927.0 | ||
| 008 | 050217r20062002wiua b 000 1 eng | ||
| 010 | _a 2005042874 | ||
| 020 |
_a0836859715 _qlib. bdg. |
||
| 020 |
_a9780836859713 _q(lib. bdg.) |
||
| 020 | _a9781740211918 | ||
| 035 | _a13875622 | ||
| 040 |
_aDLC _cDLC _dDLC _beng |
||
| 050 | 0 | 0 |
_aPZ10.3.J683 _bKa 2006 |
| 100 | 1 |
_aJohnson, Rebecca, _d1966- |
|
| 245 | 1 | 4 |
_aThe Kangaroos' great escape / _cstory by Rebecca Johnson ; photos by Steve Parish. |
| 250 | _aThis edition published in 2004 | ||
| 260 |
_aQueensland : _bSteve Parish, _c2002 |
||
| 300 |
_a24 pages : _bcolor illustrations ; _c21 cm |
||
| 490 | 1 | _aAnimal storybooks | |
| 500 | _aOriginally published in Australia in 2002 under title: Kangaroos' lucky escape. | ||
| 505 | _aN | ||
| 520 | _aAs a group of kangaroos, exhausted from trying to escape a fire, meets a dead end, a wallaby comes to the rescue. | ||
| 521 | 8 |
_a550
_bLexile AD |
|
| 521 | 8 |
_aN
_bRaz-Plus |
|
| 650 | 0 |
_aKangaroos _vJuvenile fiction. |
|
| 650 | 1 |
_aKangaroos _vFiction. |
|
| 650 | 1 |
_aWallabies _vFiction. |
|
| 655 | 7 |
_aFiction. _2lcgft _0https://id.loc.gov/authorities/genreForms/gf2014026339 |
|
| 655 | 7 |
_aFiction. _2lcgft _0https://id.loc.gov/authorities/genreForms/gf2014026339 |
|
| 700 | 1 |
_aParish, Steve, _d1945- _eillustrator |
|
| 800 | 1 |
_aJohnson, Rebecca, _d1966- _tAnimal storybooks. |
|
| 906 |
_a7 _bcbc _corignew _d1 _eocip _f20 _gy-gencatlg |
||
| 942 |
_2ddc _cBK _n0 |
||
| 999 |
_c9976 _d9976 |
||